Education for all : (Record no. 7630)

MARC details
000 -LEADER
fixed length control field 00710nam a22002172 4500
001 - CONTROL NUMBER
control field 0000008552
005 - DATE AND TIME OF LATEST TRANSACTION
control field 20151217152036.0
008 - FIXED-LENGTH DATA ELEMENTS--GENERAL INFORMATION
fixed length control field 080423s xx 000 0 eng d
020 ## - INTERNATIONAL STANDARD BOOK NUMBER
International Standard Book Number 8176481521 (set) :
Terms of availability KES 11350 (3 vols)
040 ## - CATALOGING SOURCE
Original cataloging agency KABU
Transcribing agency KABU
245 10 - TITLE STATEMENT
Title Education for all :
Remainder of title achieving the goal /
Statement of responsibility, etc. edited by Digumarti Bhaskara Rao.
260 ## - PUBLICATION, DISTRIBUTION, ETC. (IMPRINT)
Place of publication, distribution, etc. New Delhi :
Name of publisher, distributor, etc. APH,
Date of publication, distribution, etc. 2007.
300 ## - PHYSICAL DESCRIPTION
Extent 3 vols.
650 #0 - SUBJECT ADDED ENTRY--TOPICAL TERM
Topical term or geographic name as entry element Education.
-- 0000151814
700 1# - ADDED ENTRY--PERSONAL NAME
Personal name Rao, Digumarti Bhaskara.
-- 0000159190
908 ## - PUT COMMAND PARAMETER (RLIN)
Put command parameter 080423
950 ## - LOCAL HOLDINGS (RLIN)
-- 1
Holdings
Withdrawn status Lost status Source of classification or shelving scheme Not for loan Home library Current library Date acquired Total Checkouts Full call number Barcode Date last seen Price effective from Koha item type
    Library of Congress Classification   Kabarak, Main Campus Kabarak, Main Campus 17/12/2015   LA11 .E38 v.1 005975 17/12/2015 17/12/2015 General Collection
    Library of Congress Classification   Kabarak, Main Campus Kabarak, Main Campus 17/12/2015   LA11 .E38 v. 2 005974 17/12/2015 17/12/2015 General Collection
    Library of Congress Classification   Kabarak, Main Campus Kabarak, Main Campus 17/12/2015   LA11 .E38 v. 3 005973 17/12/2015 17/12/2015 General Collection
Designed with assistance from East African Informatics Ltd